Youth under control: punishment and reform in the neoliberal state
| Beteiligte: | ; |
|---|---|
| Medienart: | Druck Buch |
| Sprache: | Englisch |
| Veröffentlicht: |
San Francisco, Calif.
Social Justice
[2014]
|
| In: |
Social justice (vol. 41, no. 4 = Issue 138)
Jahr: 2014 |
| Online-Zugang: |
Inhaltsverzeichnis |
| Bestand in Tübingen: | In Tübingen vorhanden. UB: ZB 1126-41.2014/15 |
| Verfügbarkeit prüfen: | HBZ Gateway |
| Subito Bestelldienst: | Jetzt bestellen. |
| Schlagwörter: |
MARC
| LEADER | 00000cam a2200000 c 4500 | ||
|---|---|---|---|
| 001 | 1515669645 | ||
| 003 | DE-627 | ||
| 005 | 20241119004946.0 | ||
| 007 | tu | ||
| 008 | 160406s2014 xxu||||| 00| ||eng c | ||
| 035 | |a (DE-627)1515669645 | ||
| 035 | |a (DE-576)445669640 | ||
| 035 | |a (DE-599)BSZ445669640 | ||
| 035 | |a (OCoLC)923524220 | ||
| 035 | |a (OCoLC)923524220 | ||
| 040 | |a DE-627 |b ger |c DE-627 |e rda | ||
| 041 | |a eng | ||
| 044 | |c XD-US | ||
| 084 | |a 2 |2 ssgn | ||
| 084 | |a 2,1 |2 ssgn | ||
| 084 | |a 86.39 |2 bkl | ||
| 245 | 0 | 0 | |a Youth under control |b punishment and reform in the neoliberal state |c edited by Randolph R. Myers & Judah Schept |
| 264 | 1 | |a San Francisco, Calif. |b Social Justice |c [2014] | |
| 300 | |a 115 Seiten |b Diagramme | ||
| 336 | |a Text |b txt |2 rdacontent | ||
| 337 | |a ohne Hilfsmittel zu benutzen |b n |2 rdamedia | ||
| 338 | |a Band |b nc |2 rdacarrier | ||
| 490 | 1 | |a Social justice |v vol. 41, no. 4 = Issue 138 | |
| 583 | 1 | |a Archivierung/Langzeitarchivierung gewährleistet |f SSG |x XA-DE-BW |2 pdager |5 DE-21 | |
| 655 | 7 | |a Aufsatzsammlung |0 (DE-588)4143413-4 |0 (DE-627)105605727 |0 (DE-576)209726091 |2 gnd-content | |
| 689 | 0 | 0 | |d g |0 (DE-588)4078704-7 |0 (DE-627)106076612 |0 (DE-576)209209682 |a USA |2 gnd |
| 689 | 0 | 1 | |d s |0 (DE-588)4028943-6 |0 (DE-627)106276425 |0 (DE-576)208980164 |a Jugendstrafrecht |2 gnd |
| 689 | 0 | |5 (DE-627) | |
| 700 | 1 | |8 1\p |a Myers, Randy |d 1983- |e HerausgeberIn |0 (DE-588)1149525355 |0 (DE-627)1009666061 |0 (DE-576)347832369 |4 edt | |
| 700 | 1 | |a Schept, Judah Nathan |e HerausgeberIn |0 (DE-588)1081518383 |0 (DE-627)846225379 |0 (DE-576)377891509 |4 edt | |
| 700 | 1 | |a Myers, Randy |d 1983- |e Hrsg. |0 (DE-588)1149525355 |0 (DE-627)1009666061 |0 (DE-576)347832369 |4 edt | |
| 830 | 0 | |a Social justice |v vol. 41, no. 4 = Issue 138 |9 2014,0041,04 |w (DE-627)130413208 |w (DE-576)01824503X |w (DE-600)623137-8 |x 1043-1578 |7 am | |
| 856 | 4 | 2 | |u http://www.gbv.de/dms/spk/sbb/toc/85633197x.pdf |m V:DE-601 |m B:DE-1 |q pdf/application |v 2016-04-22 |x Verlag |y Inhaltsverzeichnis |3 Inhaltsverzeichnis |7 1 |
| 883 | |8 1\p |a cgwrk |d 20241001 |q DE-101 |u https://d-nb.info/provenance/plan#cgwrk | ||
| 889 | |w (DE-627)85633197X | ||
| 935 | |i mdedup | ||
| 936 | b | k | |a 86.39 |j Jugendstrafrecht |0 (DE-627)181571994 |
| 951 | |a BO | ||
| ELC | |b 1 | ||
| LOK | |0 000 xxxxxcx a22 zn 4500 | ||
| LOK | |0 001 2863338021 | ||
| LOK | |0 003 DE-627 | ||
| LOK | |0 004 1515669645 | ||
| LOK | |0 005 20160225135103 | ||
| LOK | |0 008 150922||||||||||||||||ger||||||| | ||
| LOK | |0 040 |a DE-21 |c DE-627 |d DE-21 | ||
| LOK | |0 852 |a DE-21 | ||
| LOK | |0 852 1 |c ZB 1126-41.2014/15 |9 00 | ||
| LOK | |0 935 |a tub3 |a krim | ||
| LOK | |0 939 |a 22-09-15 |b l01 | ||
| ORI | |a SA-MARC-krimdoka001.raw | ||
| SIG | |a UB: ZB 1126-41.2014/15 | ||
